000
00263nam a2200109Ia 4500
008
190912s9999||||xx |||||||||||||| ||und||
100
_a
Drew,John
245
0
_a
Readings In International Enterprise
260
_a
UK
_b
McGraw-Hill
_c
1995
300
_a
295
942
_c
BK
999
_c
7800
_d
7800